Lieux envahis par Invader (Street Art) - Statistiques

Statistiques générales
  • Ce quiz a été pris 15 fois
    12 depuis la dernière actualisation
  • Le résultat moyen est 35 sur 84
Statistiques - réponses
Lieux % Correct
Paris
100%
Los Angeles
89%
New York
89%
Lille
78%
Londres
78%
Lyon
78%
Nantes
78%
Barcelone
67%
Bruxelles
67%
Côte d'Azur
67%
Manchester
67%
Munich
67%
Rennes
67%
Vienne
67%
Amsterdam
56%
Anvers
56%
Berlin
56%
Dijon
56%
Marseille
56%
Miami
56%
Nimes
56%
Potosi
56%
Rome
56%
Sao Paulo
56%
Tokyo
56%
Toulouse
56%
Avignon
44%
Bangkok
44%
Bilbao
44%
Cancun
44%
Clermont-Ferrand
44%
Djerba
44%
Eilat
44%
Genève
44%
Hong-Kong
44%
Marrakech
44%
Montpellier
44%
Versailles
44%
Aix-en-Provence
33%
Cap Ferret
33%
Charleroi
33%
Cologne
33%
Daejeon
33%
Fontainebleau
33%
Francfort
33%
Grenoble
33%
Grumeti
33%
Istanbul
33%
La Ciotat
33%
Ljubljana
33%
Malaga
33%
Melbourne
33%
Montauban
33%
Newcastle
33%
Perth
33%
Rabat
33%
Ravenne
33%
Rotterdam
33%
San Diego
33%
Visby
33%
Anzère
22%
Bâle
22%
Bastia
22%
Berne
22%
Bhoutan
22%
Contis-les-Bains
22%
Dacca
22%
Faro
22%
Forcalquier
22%
Grude
22%
ISS
22%
Katmandou
22%
La Réunion
22%
Lausanne
22%
Luberon
22%
Minorque
22%
Mombasa
22%
Noordwijk
22%
Pau
22%
Perpignan
22%
Redu
22%
Valmorel
22%
Varanasi
22%
Halmstad
11%
Aucun quiz correspondant
Distribution des résultats
% des personnes avec chaque résultat
Percentile par nombre de réponses
Votre historique - résultats
Vous n’avez pas pris ce quiz depuis la dernière actualisation